Parodies dans Les Simpson par image #6 - Statistiques

Statistiques générales
  • Ce quiz a été pris 478 fois
    421 depuis la dernière actualisation
  • Le résultat moyen est 10 sur 20
Statistiques - réponses
Par images Réponse % Correct
Hunger Games
84%
Terminator
83%
Ratatouille
79%
La famille Addams
78%
Le Hobbit
78%
League of Legends
70%
Mad max
68%
Le monde de Narnia
67%
Game of Thrones
61%
Fortnite
57%
Popeye
55%
Les Chroniques de Bridgerton
53%
La Mouche
52%
Twilight
52%
Les fous du volant
28%
Fenêtre sur cour
22%
Matrix
18%
Breaking Bad
14%
La croisière s'amuse
13%
Parasite
8%
Aucun quiz correspondant
Distribution des résultats
% des personnes avec chaque résultat
Percentile par nombre de réponses
Votre historique - résultats
Vous n’avez pas pris ce quiz depuis la dernière actualisation